000 00363nam a2200109Ia 4500
008 160909s9999 xx 000 0 und d
100 _aWilson, Brenda G.
245 _aExploration of mind mapping as an organizational change tool
260 _bPepperdine University
_c2016
650 _aMASS COM
856 _uhttp://pqdtopen.proquest.com/doc/1785101502.html?FMT=ABS
999 _c304174
_d304174